00491nam a22001817a 450000500170000001000150001702000260003203500140005803700090007208200080008110000230008924500560011225000060016826000480017427000490022230000200027150000180029120241224120624.0 aENG-143147 a9789364682756c555.00 aEN-126679 bDBAD a004 aMehrotra, Dheeraj  aISC Computer Science Class 11/cBy Dheeraj Mehrotra a1 bS. Chand School Books aUttar Pradeshc2025 aD-92, Sector-2, NoidabUttar Pradeshe201301 a394p.c23cm(pb) a2026 Syllabus